01782nam a2200421 a 4500001001000000003000500010005001700015008004100032010001100073011001100084040000900095090001000104100003900114245020000153260004200353500006000395502010400455590004000559590004000599590004000639590004000679590004000719590004000759590004000799590004000839650002800879650004400907650004000951650005100991650004401042650003101086856007001117901000701187942001001194942000601204999001901210952013101229000115084CHAP20220329144514.0181001s2018 mx a sm |||||||spa d a111545 a112517 cCHAP aTesis1 aMartínez López, Anabel.97222210aSaberes agrícolas sobre control de roya del café (Hemileia vastatrix Berk & Br.) en la región de Huatusco, Veracruz, y su uso en alternativas /h[En línea]cpor Anabel Martínez López. aChapingo, Méx. :bEl autor.,c2018. aPara ver el contenido del material haga clic en la liga aTesis (M.C. en Desarrollo Rural Regional) -- UACH. Dirección de Centros Regionales Universitarios aE8697GMMb05c20181001lUCH01h1245 aE8697GMMb05c20181001lUCH01h1248 aE8697GMMb05c20181001lUCH01h1310 aE8697GMMb05c20181001lUCH01h1351 aE8697GMMb05c20181001lUCH01h1356 aE8697GMMb05c20181130lUCH01h1140 aE8697GMMb05c20190516lUCH01h1427 aE8697GMMb05c20190718lUCH01h123814aCaféxCalidad.91711414aCaféxEnfermedades por hongos.91713914aCaféxMercadeozVeracruz.912731714aCaféxOrganización de productores.913216614aCaféxProducciónzVeracruz.913506314aCaféxVariedades.917208 aFinding aiduhttp://10.13.5.2/tesis/sist115084.pdfzTeclea aquí aBK cTESIS n0 c111545d111545 00104054718TESISaBCbBCd2018-10-01fTESISl0oTesisp115093-10r2019-12-31 00:00:00w2019-12-31yTESISzRecien adquirido